LEADER 01182nam a2200289 i 4500 001 000000036784 003 CaOOAMICUS 005 20100804000000.0 008 100804s1979 it u000 u ita u 013 $a6578 040 $aSeMil$bita 100 1 $aSchmidtchen, Stefan.$0(OLS)http://semarc/name/17424 240 10$aAnalyse des Kinderspiels.$0(OLS)http://semarc/title/51143 245 13$aIl fenomeno gioco /$cdi Stefan Schmidtchen, Annelise Erb. 260 $aMilano :$bEmme Edizioni,$cstampa 1979. 300 $a151 p. ;$c20 cm. 490 0 $aIl puntoemme ;$v109 500 $aFormulazione di resp. sul dorso : AA.VV. 650 4$aGioco.$0(OLS)http://semarc/subject/7185 650 4$aGioco - Aspetti psicologici.$0(OLS)http://semarc/subject/7186 700 1 $aErb, Annelise.$0(OLS)http://semarc/name/17425 830 3$aIl puntoemme ;$v109.$0(OLS)http://semarc/title/8233 850 $aSeMil 852 $aSeMil$W1$xVenegono$y1$m2O III 286$j2939$B2939$CSeMilBibl$Z2$F2939 $81 961 $aOmaggio: Agenzia internazionale 996 $6245$aIl fenomeno gioco$9(OLS)http://semarc/title/51142 996 $6260$aMilano :$bEmme Edizioni$9(OLS)http://semarc/publisher/31676 LEADER 01358nam a2200277 i 4500 001 000000206317 003 CaOOAMICUS 005 20110929000000.0 008 110929s1954 it u000 u ita u 013 $a185079 040 $aSeMil$bita 100 1 $aRosselli, Nello <1900-1937>.$0(OLS)http://semarc/name/74187 245 10$aInghilterra e regno di Sardegna dal 1815 al 1847 /$cNello Rosselli ; A cura di Paolo Treves ; Introduzione di Walter Maturi. 260 $aTorino :$bGiulio Einaudi,$ccopyr. 1954. 300 $aXXVIII, 940 p. ;$c22 cm. 490 0 $aBiblioteca di cultura storica ;$v50 500 $aContiene : Bibliografia. 650 4$aInghilterra - Storia - 1815-1847.$0(OLS)http://semarc/subject/38759 650 4$aRegno di Sardegna <1720-1861> - Relazioni con l'Inghilterra - 1815-1847.$0(OLS)http://semarc/subject/38760 700 1 $aMaturi, Walter <1902-1961>.$0(OLS)http://semarc/name/74188 700 1 $aTreves, Paolo <1908-1958>.$0(OLS)http://semarc/name/68595 830 0$aBiblioteca di cultura storica ;$v50.$0(OLS)http://semarc/title/365 850 $aSeMil 852 $aSeMil$W1$xVenegono$y1$m3U III 207$j156800$B156800$CSeMilBibl$Z2$F168044 $81 996 $6245$aInghilterra e regno di Sardegna dal 1815 al 1847$9(OLS)http://semarc/title/298460 996 $6260$aTorino :$bGiulio Einaudi$9(OLS)http://semarc/publisher/29810